000 00303nam a2200121Ia 4500
008 190216s9999||||xx |||||||||||||| ||und||
100 _aGessner G Hawlwy
245 0 _aCondensed Chemical Dictionary
260 _bGalgotia Publication Pvt Ltf
_c1984
300 _a1337p
650 _aChemistry
942 _cBK
999 _c2566
_d2566